000 00414nam a2200181Ia 4500
001 815
005 20260306140545.0
008 260306t1993||||xx |||||||||||||| ||spa||
041 _aESP
082 _a170
_bG81
100 _aGrisez, Germain
_eAUT
245 0 _aSer persona:
_bcurso de ética
260 _c1993
300 _a233 páginas :
_c23 cm.
650 _aGEN
654 _aCHU
942 _cLIB
_dJUS
_fJUS
_2ddc
_n
999 _c815
_d815